Central Library OPAC University of Rajshahi

The life and times of Niccolò Machiavelli / (Record no. 27404)

MARC details
000 -LEADER
fixed length control field 01054cam a2200313 4500
001 - CONTROL NUMBER
control field 27404
003 - CONTROL NUMBER IDENTIFIER
rucl marc code BD-RjUL
005 - DATE AND TIME OF LATEST TRANSACTION
control field 20211209051142.0
008 - FIXED-LENGTH DATA ELEMENTS--GENERAL INFORMATION
fixed length control field 140325r19681892nyuahc b 001 0beng d
035 ## - SYSTEM CONTROL NUMBER
System control number (BD-RjUL)27477
040 ## - CATALOGING SOURCE
Original cataloging agency DLC
Transcribing agency DLC
Modifying agency DLC
-- BD-RjUL
Language of cataloging eng
041 1# - LANGUAGE CODE
Language code of text/sound track or separate title eng
Language code of original ita
082 00 - DEWEY DECIMAL CLASSIFICATION NUMBER
Classification number 914.5036
Author mark and year VIL 1968
100 1# - MAIN ENTRY--PERSONAL NAME
Personal name Villari, Pasquale,
Dates associated with a name 1827-1917.
9 (RLIN) 79634
245 14 - TITLE STATEMENT
Title The life and times of Niccolò Machiavelli /
Statement of responsibility, etc. Translated by Linda Villari.
Number of part/section of a work Volume-1
250 ## - EDITION STATEMENT
Edition statement New ed.
260 ## - PUBLICATION, DISTRIBUTION, ETC. (IMPRINT)
Place of publication, distribution, etc. New York :
Name of publisher, distributor, etc. Greenwood Press,
Date of publication, distribution, etc. 1968.
300 ## - PHYSICAL DESCRIPTION
Pagination V-1 (xxvi, 550 p.) ;
Illustrations ill. ;
Size 23 cm.
500 ## - GENERAL NOTE
General note Reprint of the 1892 ed.
General note Translation of Niccolò Machiavelli e i suoi tempi.
504 ## - BIBLIOGRAPHY, ETC. NOTE
Bibliography, etc Bibliographical footnotes.
600 10 - SUBJECT ADDED ENTRY--PERSONAL NAME
Personal name Machiavelli, Niccolò,
Dates associated with a name 1469-1527.
651 #0 - SUBJECT ADDED ENTRY--GEOGRAPHIC NAME
Geographic name Italy
General subdivision History
Chronological subdivision 1492-1559.
9 (RLIN) 79637
700 1# - ADDED ENTRY--PERSONAL NAME
Personal name Villari, Linda,
Dates associated with a name 1836-1915,
Relator term tr.
942 ## - ADDED ENTRY ELEMENTS (KOHA)
Source of classification or shelving scheme Dewey Decimal Classification
Koha item type Books
Holdings
Lost status Source of classification or shelving scheme Damaged status Not for loan Collection code Permanent Location Current Location Shelving location Date acquired Source of acquisition Cost, normal purchase price Total Checkouts Full call number Date last seen Copy number Koha item type
  Dewey Decimal Classification   Added to bundle Non-fiction Central Library, University of Rajshahi Central Library, University of Rajshahi   22/09/1971 zeithinger 0.00   914.5036 VIL V-1 1968 25/03/2014 C-2 Books